| 000 | 00593nam a22001697a 4500 | ||
|---|---|---|---|
| 008 | 230405b |||||||| |||| 00| 0 eng d | ||
| 020 | _a0-19-521835-3 | ||
| 040 |
_aNational Science Library _cNational Science Library |
||
| 080 |
_a330.34(047.7) _bP1 |
||
| 245 |
_aMaking new technologies work for human development _c/ United Nations Development Programme |
||
| 260 |
_aNew York: _bUnited Nations Development Programme, _c2001 |
||
| 300 | _axiii, 264p. | ||
| 490 |
_aHuman development report _v2001 |
||
| 650 | _aEconomics | ||
| 653 | _aHuman development indicators | ||
| 942 |
_2udc _cREP |
||
| 999 |
_c18670 _d18670 |
||